[Event "Winnipeg TNT April op"]
[Site "Winnipeg"]
[Date "2003.04.15"]
[Round "3"]
[White "Toews, Brian"]
[Black "Estabrooks, Mike"]
[Result "0-1"]
[WhiteElo "1228"]
[BlackElo "1708"]
[PlyCount "108"]
[EventDate "2003.04.01"]
[EventType "swiss"]
[EventRounds "4"]
[EventCountry "CAN"]
[SourceTitle "EXT 2004"]
[Source "ChessBase"]
[SourceDate "2003.11.25"]
[SourceVersion "1"]
[SourceVersionDate "2003.11.25"]
[SourceQuality "1"]

1. e4 d5 2. exd5 Qxd5 3. Nc3 Qa5 4. d4 Nf6 5. Bd3 c6 6. Nf3 Bf5 7. Bxf5 Qxf5 8. 0-0 e6 9. Re1 Nbd7 10. a3 Bd6 11. Qe2 h5 12. Ne4 Nxe4 13. Qxe4 0-0-0 14. Qxf5 exf5 15. g3 Rde8 16. Bf4 Bxf4 17. gxf4 Re4 18. Rxe4 fxe4 19. Ne5 Rh6 20. Re1 Re6 21. Nxf7 Rf6 22. Ng5 Rxf4 23. Rxe4 Rf5 24. Ne6 Rf6 25. Nf4 Rf5 26. Ne6 Rf6 27. Kf1 Rf7 28. Ke2 Nf6 29. Rf4 Re7 30. Kd3 Rxe6 31. f3 Kd7 32. c4 b6 33. b4 Ke7 34. Rf5 a6 35. Re5 h4 36. Rxe6+ Kxe6 37. a4 g5 38. b5 cxb5 39. cxb5 axb5 40. axb5 Kd5 41. h3 Ne8 42. Ke3 Nd6 43. f4 Nf5+ 44. Kf3 Nxd4+ 45. Ke3 gxf4+ 46. Kxf4 Nxb5 47. Kg4 Nd6 48. Kxh4 b5 49. Kg5 b4 50. h4 b3 51. h5 b2 52. h6 b1Q 53. Kf6 Qf5+ 54. Kg7 Ne8+ 0-1